| 000 | 01379cam a2200277 4500 | ||
|---|---|---|---|
| 002 | ##6240 | ||
| 008 | 000000n2001 000 0 eng u | ||
| 020 | _a1842190644 | ||
| 035 | _a(Sirsi) u113056 | ||
| 041 | 0 | _aeng | |
| 050 | 0 | 4 | _a336.21 $2 18 |
| 110 | 2 |
_aRoyal Institution of Chartered Surveyors _94900 |
|
| 245 | 0 | 0 |
_aRating appeals _bRICS guidance note |
| 250 | _a2nd ed. | ||
| 260 |
_aCoventry _bRICS _c2001 |
||
| 300 |
_a31p. _c30cm. |
||
| 490 | 0 | _aRICS Guidance Note | |
| 520 | _aWritten in response to new legislation and procedures accompanying the 2000 revaluation, this guidance note includes new sections on the effective date of alterations and on the new system for programming of rating appeals. Includes addendum publishing the coming into force of the Non-Domestic Rating (Alteration of Lists and Appeals) (Amendments) (England) Regulations 2002. | ||
| 520 | _aSupersedes first edition (ISBN 0854069518). | ||
| 520 | _aSuperseded by third edition (ISBN 9781842194881). | ||
| 650 | 2 | 4 | _aNON-DOMESTIC RATING (ALTERATION OF LISTS AND APPEALS) (AMENDMENTS) (ENGLAND) REGULATIONS 2002 |
| 651 | 4 |
_aEngland _y886- |
|
| 690 | _aPROPERTY-COMMERCIAL PROPERTY-COMMERCIAL PROPERTY TAXATION-BUSINESS RATES | ||
| 856 | 4 | 1 |
_uhttps://www.rics.org/Global/Downloads/RatingAppeals2001.pdf _zView the guidance free of charge at www.rics.org/guidance... |
| 942 | _n0 | ||
| 999 |
_c101504 _d101504 |
||